| 000 | 00436nam a2200181Ia 4500 | ||
|---|---|---|---|
| 005 | 20250423100203.0 | ||
| 008 | 250422s9999 xx 000 0 und d | ||
| 020 | _a81-207-0071-6 | ||
| 050 | _aLB 157 .K63/ | ||
| 100 | _aKochhar, S. K. | ||
| 245 | 0 | _aMethods and techniques of teaching | |
| 260 | _aNew Delhi | ||
| 260 | _bSterling Publishers Private | ||
| 260 | _c2007 | ||
| 300 | _a364 p | ||
| 650 | _aEducation | ||
| 942 | _cBK | ||
| 999 |
_c32541 _d32541 |
||